000 00653nam a22002057a 4500
999 _c12686
_d12686
003 TR-AnCHP
005 20190205170212.0
008 190205b tu ||||| |||| 00| 0 tur d
020 _a9754583684
040 _aTR-AnCHP
_cTR-AnCHP
041 _atur
082 _a811.42
_bS21s 2002
100 _aSaçlıoğlu, Mehmet Zaman
_d1955-
245 _aSarkaç /
_cMehmet Zaman Saçlıoğlu
260 _aİstanbul :
_bİş Bankası Kültür Yayınları ,
_c2002.
300 _a52 s.
_c20 sm.
490 _aTürkiye İş Bankası Kültür Yayınları ;
_aEdebiyat Fizisi
_vGenel Yayın; 610.
_v218
650 0 _aTürk edebiyatı
_919
_xşiir
942 _2ddc
_cBKS